02758cam a22003495a 4500001001000000003000300010005001700013008004100030015001900071016001800090020001500108020001800123040003700141082002300178100003300201245006400234250001300298260004600311300002800357490003300385500002400418505136800442520023801810650004302048650004002091651001002131653002102141700003102162942002702193999001702220952017102237015794237Uk20160731142212.0110418s2010 enk fr 001 0 eng|d aGBB1491242bnb7 a0157942372Uk a0199589658 a9780199589654 aStDuBDSbengcStDuBDSdEG-ScBUE 04222a346.42066bSLO1 aSlorach, J. Scott‏ 94055910aBusiness law 2011-2012 /cJ. Scott Slorach, Jason G. Ellis. a18th ed. aOxford :bOxford University Press,c2010. axxxi, 415 p. ;c30 cm.0 aLegal practice course guides aIndex : p. 399-415. a1: PARTNERSHIPS -- Characteristics of partnerships -- Partnership management and finance -- Liability of partners to outsiders -- Partnership disputes -- Termination of and retirement from a partnership -- The partnership agreement -- 2: COMPANIES -- Limited companies -- Formation of a limited company -- Directors and Secretary -- Shareholders -- Company finance -- Disposal of shares -- Company meetings and resolutions -- The articles of a private company -- Disclosure obligations of companies and company accounts -- Public companies -- 3: TAXATION -- Income tax: sole traders and partnerships-- Capital gains tax and inheritance tax on business assets -- The corporation tax system -- Taxation of directors' fees and employees' salaries -- Taxation of distributions and debenture interest -- Capital allowances -- Tax consequences of leaving and joining a partnership -- Value Added tax -- 4: INSOLVENCY -- Bankruptcy -- Company insolvency proceedings --Liabilities arising from insolvency -- ADDITIONAL TOPICS -- A debenture document -- Shareholders' agreements -- Sale of a business to a company -- Limited liability partnerships -- Choice of business medium -- Competition law in the EU and the UK -- The right of establishment, the right to provide services, and the free movement of goods -- Business contracts - agency or distributorship agreements aBusiness Law' contains detailed coverage of partnerships, company law, taxation, EU law, and insolvency, making the book ideally suited to the Legal Practice Course. Statutory references encourage students to refer to primary sources 7aCommercial lawzEngland.2BUEsh940561 7aCommercial lawzWales2BUEsh940562 2BUEsh bLLAAWWcJuly20161 aEllis, Jason G.‏ 940560 2ddce22k346.42066 SLO c22082d22054 00102ddc40708BaccahaMAINbMAINc1STd2016-07-31ePurchaseg380.00h26080l5m1o346.42066 SLOp000033059q2026-02-21r2026-01-22 00:00:00s2026-01-22v475.00yBB